[Event "HUN-chT2 Asztalos 0607"]
[Site "Hungary"]
[Date "2006.12.17"]
[Round "4"]
[White "Birkas, Gyorgy"]
[Black "Tesinszky, Gyorgy"]
[Result "0-1"]
[WhiteElo "2135"]
[BlackElo "2157"]
[PlyCount "110"]
[EventDate "2006.11.12"]
[EventType "team"]
[EventRounds "11"]
[EventCountry "HUN"]
[SourceTitle "EXT 2008"]
[Source "ChessBase"]
[SourceDate "2007.11.25"]
[SourceVersion "1"]
[SourceVersionDate "2007.11.25"]
[SourceQuality "1"]
[WhiteTeam "Koppany"]
[BlackTeam "Komlo Banyasz"]
[WhiteTeamCountry "HUN"]
[BlackTeamCountry "HUN"]

1. e4 e5 2. Nf3 Nc6 3. Bb5 Bc5 4. c3 f5 5. d4 fxe4 6. dxc5 exf3 7. Qxf3 Nf6 8. Bg5 0-0 9. 0-0 Qe7 10. Qe3 d5 11. cxd6 cxd6 12. Nd2 d5 13. Rfe1 Re8 14. Nf3 e4 15. Nd4 Qd6 16. Bf4 Qd7 17. Rad1 a6 18. Ba4 b5 19. Bb3 Na5 20. Bg5 Ng4 21. Qd2 Nxb3 22. Nxb3 h6 23. Bf4 Nf6 24. Qd4 Qf5 25. Bg3 Qh5 26. h3 Be6 27. Nd2 Rad8 28. Nf1 Nh7 29. Bf4 Qg6 30. Re3 Qf5 31. Bxh6 gxh6 32. Rg3+ Ng5 33. h4 Kf7 34. Ne3 Qf4 35. hxg5 hxg5 36. Qa7+ Rd7 37. Qc5 Rh8 38. Kf1 Rh1+ 39. Ke2 Rxd1 40. Nxd1 Bg4+ 41. Ke1 d4 42. cxd4 Bxd1 43. Rh3 Bg4 44. Rh7+ Kg6 45. Rh8 Kg7 46. Re8 Rf7 47. Qe5+ Qxe5 48. Rxe5 Kf6 49. Rxe4 Re7 50. f3 Bf5 51. Rxe7 Kxe7 52. Kd2 Kd6 53. Kc3 a5 54. g3 Kd5 55. f4 g4 0-1

[Event "HUN-chT2 Asztalos 0506"]
[Site "Hungary"]
[Date "2005.10.16"]
[Round "1"]
[White "Tesinszky, Gyorgy"]
[Black "Nadi, Ferenc"]
[Result "0-1"]
[WhiteElo "2154"]
[BlackElo "2002"]
[PlyCount "38"]
[EventDate "2005.10.16"]
[EventType "team"]
[EventRounds "11"]
[EventCountry "HUN"]
[SourceTitle "EXT 2009"]
[Source "ChessBase"]
[SourceDate "2008.11.26"]
[SourceVersion "1"]
[SourceVersionDate "2008.11.26"]
[SourceQuality "1"]
[WhiteTeam "Komlo Banyasz"]
[BlackTeam "MAV Elore"]
[WhiteTeamCountry "HUN"]
[BlackTeamCountry "HUN"]

1. e4 c5 2. d4 cxd4 3. c3 d5 4. exd5 Qxd5 5. cxd4 Nc6 6. Nc3 Qxd4 7. Be3 Qxd1+ 8. Rxd1 e6 9. Nb5 Bb4+ 10. Ke2 Ba5 11. Bc5 Nge7 12. Nd6+ Kf8 13. Nxc8 Rxc8 14. Rd7 Bc7 15. Bd6 Bxd6 16. Rxd6 Ke8 17. Kd1 Nd5 18. Bc4 Ke7 19. Rxd5 exd5 0-1

[Event "HUN-chT2 Asztalos 0405"]
[Site "Hungary"]
[Date "2005.02.20"]
[Round "8"]
[White "Madura, Gabor"]
[Black "Tesinszky, Gyorgy"]
[Result "0-1"]
[WhiteElo "2008"]
[BlackElo "2158"]
[PlyCount "52"]
[EventDate "2004.09.26"]
[EventType "team"]
[EventRounds "11"]
[EventCountry "HUN"]
[SourceTitle "EXT 2009"]
[Source "ChessBase"]
[SourceDate "2008.11.26"]
[SourceVersion "1"]
[SourceVersionDate "2008.11.26"]
[SourceQuality "1"]
[WhiteTeam "Koppany"]
[BlackTeam "Komlo Banyasz"]
[WhiteTeamCountry "HUN"]
[BlackTeamCountry "HUN"]

1. e4 e5 2. Nf3 Nc6 3. Bb5 Bc5 4. c3 f5 5. d3 fxe4 6. dxe4 Nf6 7. Bg5 Bxf2+ 8. Ke2 Bb6 9. a4 a5 10. Qd3 Qe7 11. Na3 Bc5 12. Rhd1 h6 13. Bxf6 Qxf6 14. Qd5 Bxa3 15. Rxa3 Qg6 16. Bxc6 bxc6 17. Qxe5+ Kd8 18. Ke3 Re8 19. Qf4 d5 20. Ne5 Qe6 21. Nf7+ Kd7 22. e5 Re7 23. Rf1 Ba6 24. Rf2 Rf8 25. Qd4 Rexf7 26. Rxf7+ Rxf7 0-1

[Event "HUN-chT2 Asztalos 0405"]
[Site "Hungary"]
[Date "2004.12.05"]
[Round "4"]
[White "Balazs, Gabor"]
[Black "Tesinszky, Gyorgy"]
[Result "1/2-1/2"]
[WhiteElo "2076"]
[BlackElo "2158"]
[PlyCount "88"]
[EventDate "2004.09.26"]
[EventType "team"]
[EventRounds "11"]
[EventCountry "HUN"]
[SourceTitle "EXT 2009"]
[Source "ChessBase"]
[SourceDate "2008.11.26"]
[SourceVersion "1"]
[SourceVersionDate "2008.11.26"]
[SourceQuality "1"]
[WhiteTeam "Paks II"]
[BlackTeam "Komlo Banyasz"]
[WhiteTeamCountry "HUN"]
[BlackTeamCountry "HUN"]

1. d4 Nf6 2. c4 c5 3. d5 b5 4. cxb5 a6 5. e3 g6 6. Nc3 Bg7 7. Nf3 d6 8. Be2 0-0 9. 0-0 Nfd7 10. e4 Ne5 11. Qb3 Nxf3+ 12. Bxf3 Nd7 13. Be2 Qb6 14. a4 axb5 15. Bxb5 Ba6 16. Bg5 Rfe8 17. Qc4 h6 18. Be3 Reb8 19. Rfb1 Qa5 20. Bxa6 Rxa6 21. Nb5 Ne5 22. Qe2 c4 23. Bd2 Qb6 24. Be3 Qa5 25. Bd2 Qb6 26. Bc3 Qc5 27. Ra3 Nd3 28. Bxg7 Kxg7 29. Qe3 Qxe3 30. fxe3 Nc5 31. Nc3 Ra5 32. Kf1 Kf6 33. Ke2 Ke5 34. Kf3 Rba8 35. Rba1 Nb3 36. Rd1 Nc5 37. Rda1 Rb8 38. Rb1 Rb4 39. h3 g5 40. g4 e6 41. Ra2 Nd7 42. Rd1 Nb6 43. Rd4 Rb3 44. Ne2 Rb4 1/2-1/2

[Event "Harkany Tenkes Cup 28th"]
[Site "Harkany"]
[Date "2004.12.03"]
[Round "9"]
[White "Tesinszky, Gyorgy"]
[Black "Lukacs, Melinda"]
[Result "1/2-1/2"]
[WhiteElo "2158"]
[BlackElo "1994"]
[PlyCount "22"]
[EventDate "2004.11.25"]
[EventType "swiss"]
[EventRounds "9"]
[EventCountry "HUN"]
[SourceTitle "EXT 2008"]
[Source "ChessBase"]
[SourceDate "2007.11.25"]
[SourceVersion "1"]
[SourceVersionDate "2007.11.25"]
[SourceQuality "1"]

1. e4 c5 2. d4 cxd4 3. c3 dxc3 4. Nxc3 e6 5. Nf3 a6 6. Bc4 Ne7 7. Bg5 Qc7 8. Qe2 Ng6 9. Bb3 Nc6 10. 0-0 h6 11. Be3 Be7 1/2-1/2

[Event "HUN-chT2 Asztalos 0304"]
[Site "Hungary"]
[Date "2003.12.07"]
[Round "5"]
[White "Ferencz, Miklos"]
[Black "Tesinszky, Gyorgy"]
[Result "0-1"]
[WhiteElo "2214"]
[BlackElo "2175"]
[PlyCount "76"]
[EventDate "2003.08.29"]
[EventType "team"]
[EventRounds "11"]
[EventCountry "HUN"]
[SourceTitle "EXT 2009"]
[Source "ChessBase"]
[SourceDate "2008.11.26"]
[SourceVersion "1"]
[SourceVersionDate "2008.11.26"]
[SourceQuality "1"]
[WhiteTeam "Nagyatad"]
[BlackTeam "Komlo Banyasz"]
[WhiteTeamCountry "HUN"]
[BlackTeamCountry "HUN"]

1. e4 e5 2. Nf3 Nc6 3. Bb5 Bc5 4. 0-0 Qf6 5. c3 Nge7 6. d3 h6 7. Qe2 0-0 8. Be3 Bb6 9. Nbd2 d6 10. h3 Ng6 11. a4 Bxe3 12. fxe3 a6 13. Bxc6 bxc6 14. Nd4 Qg5 15. Nf5 Be6 16. Kh2 Kh7 17. Qf2 Qd8 18. g4 d5 19. Rfd1 Ne7 20. Nf3 f6 21. Qe2 Qe8 22. Qc2 Qf7 23. d4 g6 24. Nxe7 Qxe7 25. Rf1 dxe4 26. Qxe4 Bd5 27. Qc2 exd4 28. exd4 Be4 29. Qf2 Rae8 30. Kg1 c5 31. Rae1 cxd4 32. Nxd4 f5 33. gxf5 gxf5 34. Kh2 Qd6+ 35. Qf4 Rg8 36. Qxd6 Rg2+ 37. Kh1 Re2+ 38. Kg1 Rg8+ 0-1

[Event "HUN-chT2 Asztalos 0304"]
[Site "Hungary"]
[Date "2003.11.16"]
[Round "3"]
[White "Gal, Peter"]
[Black "Tesinszky, Gyorgy"]
[Result "0-1"]
[WhiteElo "2072"]
[BlackElo "2175"]
[PlyCount "118"]
[EventDate "2003.08.29"]
[EventType "team"]
[EventRounds "11"]
[EventCountry "HUN"]
[SourceTitle "EXT 2009"]
[Source "ChessBase"]
[SourceDate "2008.11.26"]
[SourceVersion "1"]
[SourceVersionDate "2008.11.26"]
[SourceQuality "1"]
[WhiteTeam "Gepelem"]
[BlackTeam "Komlo Banyasz"]
[WhiteTeamCountry "HUN"]
[BlackTeamCountry "HUN"]

1. d4 Nf6 2. Nc3 d5 3. Bg5 Bf5 4. Bxf6 gxf6 5. e3 c6 6. Bd3 Bg6 7. h4 h5 8. Bxg6 fxg6 9. Qd3 Kf7 10. Nf3 Bh6 11. 0-0-0 Nd7 12. Kb1 b5 13. e4 e6 14. Rhe1 Nb6 15. Nd2 b4 16. Ne2 a5 17. Nb3 Nd7 18. f4 f5 19. exf5 exf5 20. g3 Nf6 21. Ng1 Ne4 22. Nf3 Nf2 23. Qe2 Nxd1 24. Qe6+ Kg7 25. Ne5 Qe8 26. Qxe8 Rhxe8 27. Rxd1 Re6 28. Nc5 Rd6 29. Re1 Ra7 30. c3 bxc3 31. bxc3 Kf6 32. Kc2 Bf8 33. Rb1 Be7 34. Rb6 Bd8 35. Rxc6 Rxc6 36. Nxc6 Ra8 37. c4 dxc4 38. Kc3 Be7 39. Nb7 Bb4+ 40. Kxc4 Be1 41. d5 Bxg3 42. d6 Bxf4 43. d7 Bc7 44. d8Q+ Bxd8 45. Ncxd8 g5 46. hxg5+ Kxg5 47. Kd3 h4 48. Ke3 Kg4 49. Nc6 Kg3 50. Nd6 f4+ 51. Ke2 f3+ 52. Kf1 Ra6 53. Nd4 h3 54. Ne4+ Kf4 55. Nf2 h2 56. Nc2 Rh6 57. Nh1 Rd6 58. Ne1 Rd2 59. a4 Kg4 0-1

[Event "HUN-chT2 Maroczy 0203"]
[Site "Hungary"]
[Date "2003.01.19"]
[Round "5.10"]
[White "Tesinszky, Gyorgy"]
[Black "Duzs, Jozsef"]
[Result "1/2-1/2"]
[WhiteElo "2187"]
[BlackElo "2106"]
[PlyCount "48"]
[EventDate "2002.09.22"]
[EventType "team"]
[EventRounds "11"]
[EventCountry "HUN"]
[SourceTitle "EXT 2004"]
[Source "ChessBase"]
[SourceDate "2003.11.25"]
[SourceVersion "1"]
[SourceVersionDate "2003.11.25"]
[SourceQuality "1"]
[WhiteTeam "Stat PSC II"]
[BlackTeam "Edeleny"]
[WhiteTeamCountry "HUN"]
[BlackTeamCountry "HUN"]

1. e4 e5 2. Nf3 Nc6 3. Bb5 Nge7 4. c3 Ng6 5. d4 exd4 6. cxd4 Bb4+ 7. Nc3 0-0 8. 0-0 a6 9. Bc4 b5 10. Bb3 Na5 11. Bc2 Nc4 12. Nd5 Ba5 13. b3 Nb6 14. Bd2 Bxd2 15. Nxb6 cxb6 16. Qxd2 d6 17. h3 Ra7 18. Nh2 f5 19. f4 Raf7 20. g3 fxe4 21. Bxe4 Bxh3 22. Rfe1 Ne7 23. Bb7 Bc8 24. Be4 Bf5 1/2-1/2

[Event "HUN-chT2 Maroczy 0203"]
[Site "Hungary"]
[Date "2002.12.08"]
[Round "4.10"]
[White "Kis, Jozsef"]
[Black "Tesinszky, Gyorgy"]
[Result "1/2-1/2"]
[WhiteElo "2128"]
[BlackElo "2187"]
[PlyCount "33"]
[EventDate "2002.09.22"]
[EventType "team"]
[EventRounds "11"]
[EventCountry "HUN"]
[SourceTitle "EXT 2004"]
[Source "ChessBase"]
[SourceDate "2003.11.25"]
[SourceVersion "1"]
[SourceVersionDate "2003.11.25"]
[SourceQuality "1"]
[WhiteTeam "Matra"]
[BlackTeam "Stat PSC II"]
[WhiteTeamCountry "HUN"]
[BlackTeamCountry "HUN"]

1. e4 e5 2. d4 exd4 3. Nf3 Bb4+ 4. c3 dxc3 5. bxc3 Ba5 6. Bc4 d6 7. Qb3 Qe7 8. 0-0 Nc6 9. Bg5 Nf6 10. Nbd2 0-0 11. Qc2 Ne5 12. Be2 h6 13. Bh4 Ng6 14. Bxf6 Qxf6 15. Nb3 Bb6 16. Nbd4 Nf4 17. Qd2 1/2-1/2

[Event "HUN-chT2 9900"]
[Site "Hungary"]
[Date "2000.04.02"]
[Round "11"]
[White "Tesinszky, Gyorgy"]
[Black "Schenkerik, Csaba"]
[Result "1/2-1/2"]
[WhiteElo "2196"]
[BlackElo "2140"]
[PlyCount "43"]
[EventDate "1999.09.26"]
[EventType "team"]
[EventRounds "11"]
[EventCountry "HUN"]
[SourceTitle "EXT 2002"]
[Source "ChessBase"]
[SourceDate "2001.11.25"]
[SourceVersion "1"]
[SourceVersionDate "2001.11.25"]
[SourceQuality "1"]

1. e4 e5 2. Nf3 Nc6 3. Bb5 f5 4. d3 fxe4 5. dxe4 Nf6 6. 0-0 Bc5 7. Bxc6 bxc6 8. Nxe5 0-0 9. Nc3 d6 10. Nxc6 Qe8 11. Nd5 Qxe4 12. Nxf6+ Rxf6 13. Qd5+ Re6 14. Ne7+ Kh8 15. Qxe4 Rxe4 16. Nxc8 Rxc8 17. Bd2 Re2 18. Be3 Bxe3 19. fxe3 Rxc2 20. Rf2 Rxf2 21. Kxf2 Kg8 22. Rc1 1/2-1/2

[Event "HUN-chT2 9900"]
[Site "Hungary"]
[Date "2000.03.26"]
[Round "10"]
[White "Tesinszky, Gyorgy"]
[Black "Bodnar, Zoltan"]
[Result "0-1"]
[WhiteElo "2196"]
[BlackElo "2218"]
[PlyCount "102"]
[EventDate "1999.09.26"]
[EventType "team"]
[EventRounds "11"]
[EventCountry "HUN"]
[SourceTitle "EXT 2002"]
[Source "ChessBase"]
[SourceDate "2001.11.25"]
[SourceVersion "1"]
[SourceVersionDate "2001.11.25"]
[SourceQuality "1"]

1. e4 c5 2. d4 cxd4 3. c3 dxc3 4. Nxc3 e6 5. Nf3 a6 6. Bc4 Qc7 7. Qe2 Bb4 8. 0-0 Ne7 9. Bd2 Nbc6 10. a3 Bd6 11. Ba2 0-0 12. Rac1 Bf4 13. Nd5 exd5 14. exd5 Bxd2 15. Qxd2 Qd6 16. dxc6 Qxd2 17. cxb7 Qxc1 18. bxa8Q Qxb2 19. Bb1 Ng6 20. Qd5 Bb7 21. Qd3 Qb5 22. Qe3 Qh5 23. Ng5 h6 24. Ne4 Qg4 25. h3 Qf4 26. Nc5 Bc6 27. Bxg6 fxg6 28. Qxf4 Rxf4 29. Rd1 Bb5 30. Rd6 Rf6 31. Rd4 d6 32. Ne4 Rf4 33. g3 Rf3 34. Nxd6 Rxa3 35. Nxb5 axb5 36. Rd8+ Kh7 37. Rb8 Rb3 38. Kf1 Rb2 39. Kg2 g5 40. Rb6 b4 41. Kf3 b3 42. Kg4 Rxf2 43. Rxb3 Kg6 44. Rb6+ Rf6 45. Rxf6+ gxf6 46. Kf3 f5 47. Kg2 Kf6 48. Kf2 Ke5 49. Kf3 h5 50. h4 gxh4 51. gxh4 f4 0-1

[Event "HUN-chT2 9798"]
[Site "Hungary"]
[Date "1998.??.??"]
[Round "?"]
[White "Juhasz, Mark"]
[Black "Tesinszky, Gyorgy"]
[Result "1/2-1/2"]
[WhiteElo "2180"]
[BlackElo "2215"]
[PlyCount "76"]
[EventDate "1997.??.??"]
[EventType "team"]
[EventRounds "11"]
[EventCountry "HUN"]
[SourceTitle "EXT 1999"]
[Source "ChessBase"]
[SourceDate "1998.11.16"]
[SourceVersion "1"]
[SourceVersionDate "1998.11.16"]
[SourceQuality "1"]

1. d4 Nf6 2. Nf3 e6 3. e3 c5 4. b3 Nc6 5. Bb2 d5 6. Nbd2 Qa5 7. c3 cxd4 8. exd4 Bd6 9. Bd3 e5 10. dxe5 Nxe5 11. Nxe5 Bxe5 12. Qc2 Bg4 13. h3 Bh5 14. 0-0 0-0 15. c4 Bxb2 16. Qxb2 dxc4 17. Nxc4 Qd5 18. Be2 Bxe2 19. Qxe2 Rfe8 20. Qb2 Re6 21. Rac1 Qh5 22. Ne3 b6 23. Rc7 Nd5 24. Nxd5 Qxd5 25. Rfc1 Rae8 26. Rxa7 Re1+ 27. Rxe1 Rxe1+ 28. Kh2 Qd6+ 29. g3 Qd5 30. f3 Qxf3 31. Qg2 Re2 32. Ra8+ Qxa8 33. Qxe2 Kf8 34. a4 Qd5 35. Qc2 Qd4 36. h4 g6 37. Qb1 h5 38. Qc2 Ke7 1/2-1/2

[Event "HUN-chT2"]
[Site "Hungary"]
[Date "1996.??.??"]
[Round "4"]
[White "Tesinszky, Gyorgy"]
[Black "Bors, Tamas"]
[Result "1/2-1/2"]
[WhiteElo "2205"]
[BlackElo "2150"]
[PlyCount "102"]
[EventDate "1996.??.??"]
[EventType "team"]
[EventRounds "13"]
[EventCountry "HUN"]
[SourceTitle "EXT 2006"]
[Source "ChessBase"]
[SourceDate "2005.11.24"]
[SourceVersion "1"]
[SourceVersionDate "2005.11.24"]
[SourceQuality "1"]

1. e4 d6 2. d4 Nf6 3. Nc3 g6 4. f4 Bg7 5. Nf3 0-0 6. e5 dxe5 7. dxe5 Qxd1+ 8. Kxd1 Rd8+ 9. Ke1 Ne8 10. Be3 Nc6 11. a3 Bf5 12. Rc1 a6 13. Bc4 Bc8 14. Kf2 b6 15. h4 Na5 16. Ba2 b5 17. Nd2 e6 18. Nde4 Nc4 19. Bxc4 bxc4 20. Nd2 Bb7 21. Nxc4 Bd5 22. Nd2 f6 23. Nxd5 exd5 24. Nf3 fxe5 25. fxe5 Rab8 26. b3 Bf8 27. b4 Ng7 28. g4 a5 29. c3 Ne6 30. Nd4 Nxd4 31. Bxd4 Be7 32. Kg3 Kf7 33. h5 Ke6 34. hxg6 hxg6 35. Rh7 Rg8 36. Rf1 axb4 37. axb4 Rbf8 38. Rxf8 Rxf8 39. Rg7 g5 40. Rg6+ Kd7 41. e6+ Kc6 42. Be5 Rf1 43. Kg2 Re1 44. Bd4 Re4 45. Kf3 Rf4+ 46. Ke2 Rxg4 47. Be3 Re4 48. Kf3 g4+ 49. Rxg4 Rxe6 50. Ke2 Kb5 51. Kd3 c5 1/2-1/2